00620nam a22001937a 450000500170000001000170001702000260003403500170006003700200007708200110009710000170010824501080012526000370023327000410027030000340031150000190034550000450036470000170040920160601150710.0 aBAC-1516EN07 a9788121924504c550.00 aB-615485-503 bPansy/Ven.adpl a537.53 aMehta, V. K. aPrinciples of electronics for B.E./B.Tech.& other engg. examinations /cby V.K. Mehta [and] Rohit Mehta aNew DelhibS. Chandc2015(repr.) a7361, Ram Nagar, bNew Delhie110055 axiv, 778p. :c24cm(pbk)bill. aIncludes index aSupply received revised price Rs. 550.00 aMehta, Rohit